000 00405nam a2200181Ia 4500
001 401
005 20260306140515.0
008 260306t2007||||xx |||||||||||||| ||spa||
041 _aESP
082 _a110
_bK21D
100 _aKant, Immanuel
_eAUT
245 0 _aMetafĂ­sica :
_bDohna
260 _c2007
300 _a190 páginas :
_c21 cm.
650 _aGEN
654 _aCHU
942 _cLIB
_dJUS
_fJUS
_2ddc
_n
999 _c401
_d401